Flixecourt - Choix multiples - Statistiques

Statistiques générales
  • Ce quiz a été pris 6 fois
  • Le résultat moyen est 4 sur 10
Statistiques - réponses
Question Réponse % Correct
Quel est le nom du château de Flixecourt Le château de la Navette
67%
Dans quel sport s'est illustré le champion olympique Philippe Ermenault, natif de Flixecourt ? Le cyclisme sur piste
50%
Quelle était le nom de l'entreprise spécialisée dans ce domaine, entreprise dont l'usine est toujours à Flixecourt ? Saint Frères
50%
Grâce à quelle industrie Flixecourt a-t-elle vu sa population doubler au cours du XIXe siècle ? Textile
50%
Qu'est-ce que le Pipasso qui a droit à son festival chaque année à Flixecourt, à la fin du mois de septembre ? Une cornemuse picarde
50%
Lequel de ces châteaux n'est PAS à Flixecourt ?
33%
Quel bâtiment actuel était autrefois la villa "Mon abri" ? La mairie
33%
Avec quel club de football Teddy Bertin, né à Flixecourt, a-t-il remporté la Coupe de France, face à son club formateur en 2001 ? RC Strasbourg
33%
Qu'est-ce que Basile à Flixecourt ? Un moulin à vent
33%
Quel est le nom de la rivière, affluent de la Somme, qui traverse Flixecourt ? La Nièvre
17%
Aucun quiz correspondant
Distribution des résultats
% des personnes avec chaque résultat
Percentile par nombre de réponses
Votre historique - résultats
Vous n’avez pas pris ce quiz